Carregant...

Keralapanineeyam /

Dades bibliogràfiques
Autor principal: Raja Raja Varma, A. R.
Format: Printed Book
Idioma:Malayalam
Publicat: Vidhyarthimithram , 1967.
LEADER 00392nam a2200121Ia 4500
008 150624b xxu||||| |||| 00| | mal d
100 |a Raja Raja Varma, A. R. 
245 |c A. R. Raja Raja Varma  |a Keralapanineeyam / 
260 |b Vidhyarthimithram ,  |c 1967. 
546 |a In Malayalam. 
942 |c BK 
999 |c 71107  |d 71107 
952 |0 0  |1 0  |4 0  |7 0  |9 71084  |a UL  |b UL  |c ST1  |d 1998-09-15  |l 3  |p 971  |r 2018-04-25  |s 2018-03-27  |y BK